000 00577nam a22002175i 4500
001 11814
003 ES-MaACL
007 t|
008 950531s1993 sp ||||0| spa j
020 _a84-321-3035-4
040 _aM-BN
_bspa
_cM-BN
080 _a860-14"19"
100 1 _aAlbi, José.
_919374
245 1 0 _aEnsayo sobre un parque en noviembre /
_cJosé Albi.
260 _aMadrid :
_bRialp,
_c[1993]
300 _a78 p. ;
_c18 cm.
490 1 _aAdonais ;
_v506
830 0 0 _aAdonáis
_v506
_9173743
852 _aES-MaACL
_jJ-23-506
_bR.125394
999 _c11814
_d11814